000 00656nam a2200253 i 4500
003 DO-SdBNP
005 20231006113417.0
007 ta
008 110413s1993 gt ao 000 0 spa d
040 _aDO-SdBNP
_bspa
_cBNPHU
_erda
082 _bB113
_222
100 _984407
110 _936704
245 1 0 _aBabeque :
_blogros 93
264 _aSanto Domingo :
_bBabeque,
_c1993.
300 _a136 páginas :
_bilustraciones ;
_c23 cm.
336 _2rdacontent
_atexto
_btxt
337 _2rdamedia
_asin mediación
_bn
338 _2rdacarrier
_avolumen
_bnc
590 _aInventariado, 2023/ DG
700 _984126
910 _aDG
942 _2ddc
_cLBS1
999 _c55106
_d55106